000 00795nam a22002297a 4500
005 20100818111233.0
010 _aENG-100816
020 _a9788120340305
_c375.00
035 _aEN-84349
037 _bDBAD/PUB
082 _a621.38154
100 _aJerome, Jovitha
_915050
245 _aVirtual instrumentation using lab view /
_cby Jovitha Jerome
260 _aNew Delhi
_bPHI Learning
_c2010
270 _aM-97, Connaught Circus
_bNew Delhi
_e110001
300 _axxiii, 392 p.
_c22cm (Pbk)
500 _aIncludes index
650 _aAutomation data collection system
_915051
700 _94162
942 _2ddc
_cEN
_h621.38154
_mJER
999 _c42403
_d42403